<?xml version="1.0" encoding="UTF-8"?>
<record
    xmlns:xsi="http://www.w3.org/2001/XMLSchema-instance"
    xsi:schemaLocation="http://www.loc.gov/MARC21/slim http://www.loc.gov/standards/marcxml/schema/MARC21slim.xsd"
    xmlns="http://www.loc.gov/MARC21/slim">

  <leader>00735cam a2200253 ib4500</leader>
  <controlfield tag="001">2445959</controlfield>
  <controlfield tag="003">YEEZEN</controlfield>
  <controlfield tag="005">20250701144349.0</controlfield>
  <controlfield tag="008">240523s2024    ch a   g      000 0 chi d</controlfield>
  <datafield tag="020" ind1=" " ind2=" ">
    <subfield code="a">9786267296462</subfield>
    <subfield code="q">(&#x5E73;&#x88DD;) :</subfield>
    <subfield code="c">NT$280</subfield>
  </datafield>
  <datafield tag="040" ind1=" " ind2=" ">
    <subfield code="a">TCPL</subfield>
    <subfield code="b">chi</subfield>
    <subfield code="c">TCPL</subfield>
    <subfield code="d">TCPL</subfield>
    <subfield code="e">ccr</subfield>
  </datafield>
  <datafield tag="042" ind1=" " ind2=" ">
    <subfield code="a">nbic</subfield>
  </datafield>
  <datafield tag="084" ind1=" " ind2=" ">
    <subfield code="a">410.1619</subfield>
    <subfield code="2">ncsclt</subfield>
  </datafield>
  <datafield tag="090" ind1=" " ind2=" ">
    <subfield code="a">410.1619</subfield>
  </datafield>
  <datafield tag="100" ind1="1" ind2=" ">
    <subfield code="a">&#x65BD;&#x7FA9;&#x96C4;</subfield>
  </datafield>
  <datafield tag="245" ind1="1" ind2="0">
    <subfield code="a">&#x76E1;&#x4FE1;&#x91AB;&#x4E0D;&#x5982;&#x7121;&#x91AB; /</subfield>
    <subfield code="c">&#x65BD;&#x7FA9;&#x96C4;&#x8457;</subfield>
  </datafield>
  <datafield tag="250" ind1=" " ind2=" ">
    <subfield code="a">&#x521D;&#x7248;</subfield>
  </datafield>
  <datafield tag="260" ind1=" " ind2=" ">
    <subfield code="a">&#x65B0;&#x5317;&#x5E02;&#x677F;&#x6A4B;&#x5340; :</subfield>
    <subfield code="b">&#x83EF;&#x590F;&#x51FA;&#x7248; ; </subfield>
    <subfield code="a">&#x65B0;&#x5317;&#x5E02;&#x4E2D;&#x548C;&#x5340; :</subfield>
    <subfield code="b">&#x8CBF;&#x9A30;&#x767C;&#x8CE3;&#x7E3D;&#x7D93;&#x92B7;,</subfield>
    <subfield code="c">2024.02</subfield>
  </datafield>
  <datafield tag="300" ind1=" " ind2=" ">
    <subfield code="a">170&#x9762; :</subfield>
    <subfield code="b">&#x5716; ;</subfield>
    <subfield code="c">21&#x516C;&#x5206;</subfield>
  </datafield>
  <datafield tag="490" ind1="1" ind2=" ">
    <subfield code="a">Sunny&#x6587;&#x5EAB; ;</subfield>
    <subfield code="v">318.</subfield>
  </datafield>
  <datafield tag="650" ind1=" " ind2="7">
    <subfield code="a">&#x91AB;&#x5B78;&#x502B;&#x7406;</subfield>
    <subfield code="2">lcstt.</subfield>
  </datafield>
  <datafield tag="830" ind1=" " ind2="0">
    <subfield code="a">Sunny&#x6587;&#x5EAB; ;</subfield>
    <subfield code="v">318.</subfield>
  </datafield>
  <datafield tag="942" ind1=" " ind2=" ">
    <subfield code="2">ccl</subfield>
    <subfield code="c">BOOK</subfield>
  </datafield>
  <datafield tag="999" ind1=" " ind2=" ">
    <subfield code="c">7644</subfield>
    <subfield code="d">7644</subfield>
  </datafield>
  <datafield tag="952" ind1=" " ind2=" ">
    <subfield code="0">0</subfield>
    <subfield code="1">0</subfield>
    <subfield code="2">ccl</subfield>
    <subfield code="4">0</subfield>
    <subfield code="7">0</subfield>
    <subfield code="a">yeezen</subfield>
    <subfield code="b">yeezen</subfield>
    <subfield code="c">YEEZEN</subfield>
    <subfield code="d">2025-07-01</subfield>
    <subfield code="l">1</subfield>
    <subfield code="m">1</subfield>
    <subfield code="o">410.1619</subfield>
    <subfield code="p">C03226</subfield>
    <subfield code="r">2025-09-05 00:00:00</subfield>
    <subfield code="s">2025-08-18</subfield>
    <subfield code="w">2025-07-01</subfield>
    <subfield code="y">BOOK</subfield>
    <subfield code="z">&#x4E00;&#x5BB6;&#x5BB6;&#x7684;&#x91AB;&#x9662;&#x6709;&#x5982;&#x51B0;&#x5C71;&#xFF0C;&#x5728;&#x7B49;&#x8457;TITANIC&#x7684;&#x5230;&#x4F86;&#xFF1B;&#x4E5F;&#x50CF;&#x6EFF;&#x5751;&#x6EFF;&#x8C37;&#x7684;&#x5730;&#x96F7;&#xFF0C;&#x96A8;&#x6642;&#x90FD;&#x53EF;&#x4EE5;&#x8B93;&#x60A8;&#x7C89;&#x8EAB;&#x788E;&#x9AA8;&#x3002; &#x60A8;&#x4E0D;&#x7DCA;&#x5F35;&#xFF0C;&#x6211;&#x53EF;&#x771F;&#x70BA;&#x60A8;&#x634F;&#x4E00;&#x628A;&#x51B7;&#x6C57;&#xFF0C;&#x8ACB;&#x8D95;&#x5FEB;&#x61F8;&#x5D16;&#x52D2;&#x99AC;&#xFF0C;&#x5426;&#x5247;&#x53D7;&#x5BB3;&#x8005;&#x53EF;&#x80FD;&#x4E0D;&#x7947;&#x60A8;&#x6211;&#x800C;&#x5DF2;&#x3002; &#x7576;&#x6211;&#x5011;&#x8CE0;&#x4E0A;&#x6574;&#x500B;&#x897F;&#x65B9;&#x6587;&#x660E;&#x6642;&#xFF0C;&#x624D;&#x5920;&#x723D;&#x55CE;&#xFF1F;</subfield>
  </datafield>
</record>
